000 00577nam a2200193 a 4500
001 23540
003 CO-ViMGA
008 141112s2004 ck r 000 u spa d
020 _a9789586485951
040 _aCO-ViMGA
_bspa
_cCO-ViMGA
082 0 4 _a657.3 C178e
100 1 _aCarvalho Betancour, Javier Alonso
_933944
245 1 0 _aEstados financieros :
_bnormas para su preparacion y presentacion /
_cJavier Alonso Carvalho Betancour
260 _aColombia :
_bEco ediciones
300 _a376p.
650 1 4 _aCONTABILIDAD
650 1 4 _aESTADOS FINANCIEROS
942 _2ddc
_cBK
999 _c31660
_d31660